000 00585nam a2200205Ia 4500
005 20250923144833.0
008 008 250917s9999 xx 000 0 eng d
037 _aTextual
040 _aDSWL
_beng
_cDSWL
041 _aeng
_2eng
084 _aL;5xw3N56
_qDSWL
100 _aWilliams, Lajya
_9828930
245 0 _aDoctorji's clinic and illustrations
_cby Lajya Williams
260 _aLucknow
_bLuckmorePublishing House
_c1956
300 _aiv,147p.
365 _aINR
_b2.50
925 _g2.50
942 _cTEXL
_hL;5xw3N56
999 _c1443975
_d1443975